Álgebra, trigonometría y geometría analítica (Registro nro. 4560)
[ vista simple ]
| 000 -LEADER | |
|---|---|
| fixed length control field | 01646 a2200301 4500 |
| 001 - CONTROL NUMBER | |
| control field | 48121 |
| 005 - DATE AND TIME OF LATEST TRANSACTION | |
| control field | 20260407155748.0 |
| 008 - FIXED-LENGTH DATA ELEMENTS--GENERAL INFORMATION | |
| fixed length control field | 260407a1998 arg spa d |
| 003 - CONTROL NUMBER IDENTIFIER | |
| control field | AR-UNSa-BCEJYS |
| 040 ## - CATALOGING SOURCE | |
| Original cataloging agency | AR-UNSa-BCEJYS |
| Language of cataloging | spa |
| Transcribing agency | AR-UNSa-BCEJYS |
| 080 ## - UNIVERSAL DECIMAL CLASSIFICATION NUMBER | |
| Universal Decimal Classification number | 512 |
| Common auxiliary subdivision | Algebra |
| 020 ## - INTERNATIONAL STANDARD BOOK NUMBER | |
| International Standard Book Number | 968-444-280-7 |
| 041 ## - LANGUAGE CODE | |
| Language code of text/sound track or separate title | spa |
| 100 1# - MAIN ENTRY--PERSONAL NAME | |
| Personal name | Torres Alcaraz, Carlos |
| 245 10 - TITLE STATEMENT | |
| Title | Álgebra, trigonometría y geometría analítica |
| 264 #1 - PRODUCTION, PUBLICATION, DISTRIBUTION, MANUFACTURE, AND COPYRIGHT NOTICE | |
| Place of production, publication, distribution, manufacture | México : |
| Name of producer, publisher, distributor, manufacturer | Pearson Educación |
| Date of production, publication, distribution, manufacture, or copyright notice | 1998 |
| 300 ## - PHYSICAL DESCRIPTION | |
| Extent | 1027 p. |
| Dimensions | 23 cm. |
| 505 ## - FORMATTED CONTENTS NOTE | |
| Formatted contents note | 1. Números reales, álgebra y solución de problemas - 2. Ecuaciones y desigualdades - 3. Relaciones, funciones y gráficas - 4. Sistemas de ecuaciones y resolución de problemas - 5. Polinomios y ecuaciones polinómicas - 6. Expresiones racionales y ecuaciones - 7. Potencias, raíces y números complejos - 8. Ecuaciones cuadráticas - 9. Funciones cuadráticas y transformaciones - 10. Ecuaciones de segundo grado - 11. Funciones polinómicas - 12. Funciones exponenciales y funciones logarítmicas - 13. Matrices y determinantes - 14. Sucesiones, series e introducción matemática - 15. Conteo y probabilidad - 16. Estadística y análisis de datos - 17. Funciones trigonométricas - 18. Identidades y ecuaciones trigonométricas. |
| 590 ## - LOCAL NOTE (RLIN) | |
| Local note | niveau_biblio:m niveau_hierar:0 |
| 700 1# - ADDED ENTRY--PERSONAL NAME | |
| Personal name | Charles, Randall I. |
| 700 1# - ADDED ENTRY--PERSONAL NAME | |
| Personal name | Smith, Stanley A. |
| 700 1# - ADDED ENTRY--PERSONAL NAME | |
| Personal name | González de Nin, Ángela |
| 700 1# - ADDED ENTRY--PERSONAL NAME | |
| Personal name | Dossey, John A. |
| 700 1# - ADDED ENTRY--PERSONAL NAME | |
| Personal name | Keedy, Mervin L. |
| 700 1# - ADDED ENTRY--PERSONAL NAME | |
| Personal name | Bittinger, Marvin L. |
| 856 41 - ELECTRONIC LOCATION AND ACCESS | |
| Uniform Resource Identifier | <a href="https://www.biblioeco.unsa.edu.ar/pmb/images/libros/L127873.jpg">https://www.biblioeco.unsa.edu.ar/pmb/images/libros/L127873.jpg</a> |
| Link text | Imagen de portada |
| Electronic format type | image/jpeg |
| 942 ## - ADDED ENTRY ELEMENTS (KOHA) | |
| Koha item type | |
| Withdrawn status | Lost status | Damaged status | Not for loan | Home library | Current library | Shelving location | Date acquired | Total checkouts | Full call number | Barcode | Date last seen | Price effective from | Koha item type |
|---|---|---|---|---|---|---|---|---|---|---|---|---|---|
| Biblioteca Prof. Eusebio Cleto del Rey | Biblioteca Prof. Eusebio Cleto del Rey | 07/04/2026 | 512 S642 | L127873 | 07/04/2026 | 07/04/2026 | Libro | ||||||
| Biblioteca Prof. Eusebio Cleto del Rey | Biblioteca Prof. Eusebio Cleto del Rey | 07/04/2026 | 512 S642 | L127874 | 07/04/2026 | 07/04/2026 | Libro |